| 000 | 01111cam a22003135i 4500 | ||
|---|---|---|---|
| 003 | EG-ScBUE | ||
| 005 | 20220529141852.0 | ||
| 008 | 110328s2011 enka fr f000 0 eng d | ||
| 020 | _a9780194715799 | ||
| 040 |
_aEG-ScBUE _beng _erda _cEG-ScBUE _dEG-ScBUE |
||
| 082 | 0 | 4 |
_a428.24 _bSOA _222 |
| 100 | 1 |
_aSoars, Liz, _d1945- _eauthor. _934639 |
|
| 245 | 1 | 0 |
_aNew headway plus, _pIntermediate, _pTeacher's book / _cLiz & John Soars, Mike Sayer. |
| 246 | 3 | 0 | _aIntermediate |
| 246 | 3 | 0 | _aTeacher's book |
| 264 | 1 |
_aOxford ; _aNew York : _bOxford University Press, _c2011. |
|
| 300 |
_a152 pages : _billustrations ; _c28 cm |
||
| 336 |
_atext _btxt _2rdacontent |
||
| 337 |
_aunmediated _bn _2rdamedia |
||
| 338 |
_avolume _bnc _2rdacarrier |
||
| 590 | _aMohamed Hussein | ||
| 650 | 7 |
_aEnglish language _vTextbooks for foreign speakers. _2BUEsh _922702 |
|
| 650 | 7 |
_aEnglish language _xGrammar _vProblems, exercises, etc. _2BUEsh _922703 |
|
| 651 | _2BUEsh | ||
| 653 |
_bHHUUEENN _cAugust2015 _cNovember2018 |
||
| 700 | 1 |
_aSoars, John, _d1951- _eauthor. _92160 |
|
| 700 | 1 |
_aSayer, Mike, _eauthor. _98487 |
|
| 942 |
_2ddc _cBB |
||
| 999 |
_c8135 _d8135 |
||